Missing Word: Washington, D.C. Quiz Stats

Quiz Updated Jan 31, 2014

Challenge
Share
Tweet
Embed
Score 0/20 Timer 03:00
1 Play Today
D.C. Place Missing Word % Correct
The White _____House
95.5%
The Lincoln _____Memorial
94.9%
The George _____ University Washington
92.5%
Iwo ____ MemorialJima
90.4%
Library of _____Congress
90%
The Washington _____Monument
88%
National ____ and Space MuseumAir
83.2%
John F. Kennedy Center for the _____ ArtsPerforming
82.1%
United States _____ Court BuildingSupreme
75.1%
Ford's _____Theatre
68.7%
D.C. Place Missing Word % Correct
Mount _____ Estate and GardensVernon
61.8%
Dupont ____Circle
59.7%
The Verizon _____Center
58.7%
RFK _____Stadium
50%
The ____ BasinTidal
31.5%
Ben's ____ BowlChili
23.1%
Red _____ HeadquartersCross
21%
Adams _____Morgan
17.5%
9:30 ____Club
17.4%
Eastern ____Market
14.8%

Today's Daily Dose

Word Ladder
Summertime

On This Day
June 23rd II

You're not logged in!

Compare scores with friends on all Sporcle quizzes.
Join for Free
OR
Log In

You Might Also Like...

Show Comments

Extras

Top Quizzes Today


Score Distribution

Your Account Isn't Verified!

In order to create a playlist on Sporcle, you need to verify the email address you used during registration. Go to your Sporcle Settings to finish the process.

Report this User

Report this user for behavior that violates our Community Guidelines.

Details: